Η γυναίκα στο έργο του Ξενόπουλου στην αστική κοινωνία της Αθήνας του τέλους 19ου και αρχών του 20ου αιώνα : διπλωματική εργασία
Αποθηκεύτηκε σε:
| Κύριος συγγραφέας: | |
|---|---|
| Συγγραφή απο Οργανισμό/Αρχή: | |
| Άλλοι συγγραφείς: | |
| Μορφή: | Thesis Βιβλίο |
| Γλώσσα: | Greek |
| Δημοσίευση: |
2009
|
| Θέματα: | |
| Διαθέσιμο Online: | http://hdl.handle.net/11610/13725 |
| Ετικέτες: |
Προσθήκη ετικέτας
Δεν υπάρχουν, Καταχωρήστε ετικέτα πρώτοι!
|
MARC
| LEADER | 00000cam a2200000 i 4500 | ||
|---|---|---|---|
| 001 | 1/8767 | ||
| 008 | 100628s2009 gre d | ||
| 035 | |l 10108383 | ||
| 040 | |a GR-MY-UA |b gre |e aacr | ||
| 041 | 0 | |a gre | |
| 082 | 0 | |a 809.33 |2 (22) | |
| 100 | 1 | |a Τσομαρέλη, Τριανταφυλλιά. | |
| 245 | 1 | 2 | |a Η γυναίκα στο έργο του Ξενόπουλου στην αστική κοινωνία της Αθήνας του τέλους 19ου και αρχών του 20ου αιώνα : |b διπλωματική εργασία / |c Τριανταφυλλιά Τσομαρέλη ; επιβλέπουσα: Αναγνωστοπούλου Διαμάντη |
| 260 | |c 2009 | ||
| 300 | |a 153 σ.; |c 30 εκ. | ||
| 500 | |a Μέλη εξεταστικής επιτροπής: Γιαννικοπούλου Αγγελική, Παπαντωνάκης Γεώργιος | ||
| 502 | |a Διατριβή (μεταπτυχιακή) – Πανεπιστήμιο Αιγαίου, Ρόδος, 2009. | ||
| 504 | |a Βιβλιογραφία: σ. 147-153 | ||
| 600 | 1 | 0 | |a Ξενόπουλος, Γρηγόριος, |d 1867-1951. |
| 650 | 0 | |a Women and literature |z Greece |z Athens. | |
| 650 | 0 | 0 | |a Sexism in language. |
| 650 | 0 | 0 | |a Feminism and literature. |
| 650 | 0 | 0 | |a Dissertations, Academic |z Greece. |
| 700 | 1 | |a Αναγνωστοπούλου, Διαμάντη. |4 ths | |
| 710 | 1 | |a Πανεπιστήμιο Αιγαίου |b Σχολή Ανθρωπιστικών Επιστημών |b Τμήμα Επιστημών της Προσχολικής Αγωγής και του Εκπαιδευτικού Σχεδιασμού |b Μεταπτυχιακό Πρόγραμμα Σπουδών Παιδικό Βιβλίο και Παιδαγωγικό Υλικό. | |
| 852 | |a INST |b RHODES |c DIATR |e 20100709 |h 809.33 ΤΣΟ |p 005400032776 |q 005400032776 |t MTXE |y 23 | ||
| 852 | |a INST |b RHODES |c DIATR |e 20100709 |h 809.33 ΤΣΟ |p 005400032777 |q 005400032777 |t MTXE |y 23 | ||
| 856 | |u http://hdl.handle.net/11610/13725 | ||
| 901 | |a BIBL4-2010-2 | ||
| 909 | |a Ρ |b 159981 | ||
| 909 | |a Ρ |b 159982 | ||
| 924 | |a ΤΣΟΜΑΡΕΛΗ |b ΤΡΙΑΝΤΑΦΥΛΛΙΑ |y ΡΟΔΟΣ |z 2010-05 | ||
| 970 | |a ΚΟΖΑ |b ΜΑΡΙΑ |z 2010/06/28 | ||